Martin Luther King JR Let Freedom Ring (Record no. 6766)

MARC details
000 -LEADER
fixed length control field 00337nam a2200133Ia 4500
003 - CONTROL NUMBER IDENTIFIER
control field OSt
008 - FIXED-LENGTH DATA ELEMENTS--GENERAL INFORMATION
fixed length control field 191201s2012 xx 000 0 und d
100 ## - MAIN ENTRY--PERSONAL NAME
Personal name TEITELBAUM, Michael
245 #0 - TITLE STATEMENT
Title Martin Luther King JR Let Freedom Ring
260 ## - PUBLICATION, DISTRIBUTION, ETC. (IMPRINT)
Name of publisher, distributor, etc KALYANI MEDIA PVT. LTD.
Date of publication, distribution, etc 2012
300 ## - PHYSICAL DESCRIPTION
Extent 85
650 ## - SUBJECT ADDED ENTRY--TOPICAL TERM
Topical term or geographic name as entry element General Books
942 ## - ADDED ENTRY ELEMENTS (KOHA)
Source of classification or shelving scheme Dewey Decimal Classification
Koha item type Text Books
Holdings
Withdrawn status Lost status Source of classification or shelving scheme Damaged status Not for loan Collection code Home library Current library Shelving location Date acquired Source of acquisition Cost, normal purchase price Bill Number Total Checkouts Full call number Acc. no. / Barcode Date last seen Actual Cost, discounted price Bill Date Koha item type Public note
    Dewey Decimal Classification     GENERAL PIET C-LIBRARY PIET C-LIBRARY Ref. Sec. R02 21/07/2020 Kalyani Nav yug Media Pvt Ltd. 275.00 271   921 TEM 30278 04/12/2019 151.25 31/08/2018 Reference Books History and Culture
    Dewey Decimal Classification     GENERAL PIET C-LIBRARY PIET C-LIBRARY Ref. Sec. R02 21/07/2020 Kalyani Nav yug Media Pvt Ltd. 275.00 271   921 TEM 30279 04/12/2019 151.25 31/08/2018 Reference Books History and Culture
    Dewey Decimal Classification     GENERAL PIET C-LIBRARY PIET C-LIBRARY Ref. Sec. R02 21/07/2020 Kalyani Nav yug Media Pvt Ltd. 275.00 271   921 TEM 30280 04/12/2019 151.25 31/08/2018 Reference Books Biography

Design & Developed by: PIET Central Library
R70 Miles Stone Pattikalyana Samalkha Panipat 132102
mail ID :- [email protected], Phone No:- 0180-2569700 Ex.216